LEADER 00807nam0-22002771i-450- 001 990006688950403321 005 20001010 035 $a000668895 035 $aFED01000668895 035 $a(Aleph)000668895FED01 035 $a000668895 100 $a20001010d--------km-y0itay50------ba 101 0 $aita 105 $ay-------001yy 200 1 $aAmadeo Bordiga$ecapitalismo sovietico e comunismo. Con una bibliografia completa degli scritti di Bordiga dal 1945 al 1970$fLiliana Grilli 210 $aMilano$cLa Pietra$d1982 215 $a22 cm pp. 294 700 1$aGrilli,$bLiliana$0249449 801 0$aIT$bUNINA$gRICA$2UNIMARC 901 $aBK 912 $a990006688950403321 952 $aXI A 1058$b20252$fFSPBC 959 $aFSPBC 996 $aAmadeo Bordiga$933360 997 $aUNINA DB $aGEN01 LEADER 01308nam 2200397Ia 450 001 9910696187903321 005 20070831135525.0 035 $a(CKB)5470000002374928 035 $a(OCoLC)166536872 035 $a(EXLCZ)995470000002374928 100 $a20070831d2007 ua 0 101 0 $aeng 135 $aurmn||||||||| 181 $ctxt$2rdacontent 182 $cc$2rdamedia 183 $acr$2rdacarrier 200 10$aCertain ammonium nitrate from Ukraine$b[electronic resource]$einvestigation no. 731-TA-894 (review) 210 1$aWashington, D.C. :$cU.S. International Trade Commission,$d[2007] 215 $a1 volume (various pagings) $cdigital, PDF file 225 1 $aPublication ;$v3924 300 $aTitle from title screen (viewed on Aug. 30, 2007). 300 $a"June 2007." 320 $aIncludes bibliographical references. 517 $aCertain ammonium nitrate from Ukraine 606 $aAmmonium nitrate 606 $aNitrogen fertilizers$zUnited States 606 $aNitrogen fertilizers$zUkraine 615 0$aAmmonium nitrate. 615 0$aNitrogen fertilizers 615 0$aNitrogen fertilizers 801 0$bGPO 801 1$bGPO 906 $aBOOK 912 $a9910696187903321 996 $aCertain ammonium nitrate from Ukraine$93509667 997 $aUNINA LEADER 05253nam 22007933u 450 001 9910789299103321 005 20230803201959.0 010 $a1-78284-153-9 035 $a(CKB)3710000000093310 035 $a(EBL)1648810 035 $a(SSID)ssj0001132619 035 $a(PQKBManifestationID)11725648 035 $a(PQKBTitleCode)TC0001132619 035 $a(PQKBWorkID)11155398 035 $a(PQKB)10415205 035 $a(MiAaPQ)EBC1648810 035 $a(EXLCZ)993710000000093310 100 $a20140317d2014|||| u|| | 101 0 $aeng 135 $aur|n|---||||| 181 $ctxt 182 $cc 183 $acr 200 14$aThe Muslim Struggle for Civil Rights in Spain, 1985?2010$b[electronic resource] $ePromoting Democracy Through Islamic Engagement 210 $aChicago $cSussex Academic Press$d2014 215 $a1 online resource (247 p.) 225 0 $aSussex studies in Spanish history The Muslim struggle for civil rights in Spain 300 $aDescription based upon print version of record. 311 $a1-84519-581-7 327 $aFront Cover; About the book & About the Author; Title Page; Copyright; Contents; Preface by Series Editor, Tim Rees; Acknowledgements; List of Abbreviations; Introduction; The Migrant Experience and the Transition to Democracy in Spain; Democracy, Inclusion, and Citizenship; Repositioning Democratization in Spain; Islam and Democratization in Spain; 1 The Fight for Citizenship and Inclusion in a Borderland City: Melilla, 1985-1988; A Critical Borderland City; The 1985 Immigration Act; Muslim Melillans; Muslim Women Activists; Spanish Nativism 327 $aIn the Shadow of Morocco, but a Long Way from SpainFrom Constitutional Patriotism to Sedition; Repercussions; 2 The Struggle for Voice, Status, and Rights in Mainland Spain, 1989-2005; Finding an Independent Voice; "I could only think about papers"; Racism and Migrant Rights; When "Exceptional" Becomes "Ordinary"; The World Upside Down; Twisting the Government's Arm; Achievements and New Challenges; 3 Religious Pluralism, Secularism, and Women's Rights, 1968-2010; From State Catholicism to Religious Pluralism; The Construction of Spanish Islam; "Worthless Piece of Paper" 327 $aConflicts Over Women's RightsThe Public Practice of Islam in Spain; 4 Mosque Building, Catalan Nationalism, and Spain's Politics of Belonging, 1990-2010; Mosque Building and Nativist Resistance in Spain; Barcelona and the Mosque that was Never Built; A Path Towards Peace or "Ravalistan"?; Muslim Immigrants on Catalonia's Nationalist Fault Lines; The Spectrum of Possibilities for Muslims in Catalonia; Osona: the Rise of the PxC and the Collapse of Convivencia; Interculturalism; 5 Reclaiming Islamic Spain: from the Co?rdoba Mosque to the Festival of Moors and Christians, 1965-2010 327 $aIslam in Spain's Memory DebatesThe Co?rdoba Mosque-Cathedral and the Limits of Convivencia; The Festival of Moors and Christians; Interpreting the Festival of Moors and Christians; "Mooricization"; The Festival of Moors and Christians in Democratic Times; "We are Not Fanatics"; Dynamics and Alternatives; Conclusion; Notes; Bibliography; Index; Back Cover 330 $aThis book looks at how Muslims in Spain have changed legislation linked to religious pluralism and to immigration, and have fortified Spain's frail history and practice of democracy since 1975. Spanish Muslims have achieved this through active civil engagement and a persistent struggle for rights and for status as immigrants and as citizens on par with ethnic Spaniards. Muslims have interacted with Spanish popular traditions, have challenged Eurocentric historical narratives, and have used Spanish concepts such as convivencia (peaceful coexistence) and arraigo (rootedness) to expand the prevai 606 $aCivil rights movements -- Spain 606 $aIslam and politics -- Spain 606 $aMuslims -- Civil rights -- Spain 606 $aMuslims -- Spain -- Politics and government 606 $aMuslims$xCivil rights$zSpain 606 $aMuslims$xPolitics and government$zSpain 606 $aCivil rights movements$zSpain 606 $aIslam and politics$zSpain 606 $aImmigrants$zSpain 606 $aRegions & Countries - Europe$2HILCC 606 $aHistory & Archaeology$2HILCC 606 $aSpain & Portugal$2HILCC 607 $aSpain$xPolitics and government$y1982- 607 $aSpain$xEthnic relations 615 4$aCivil rights movements -- Spain. 615 4$aIslam and politics -- Spain. 615 4$aMuslims -- Civil rights -- Spain. 615 4$aMuslims -- Spain -- Politics and government. 615 0$aMuslims$xCivil rights 615 0$aMuslims$xPolitics and government 615 0$aCivil rights movements 615 0$aIslam and politics 615 0$aImmigrants 615 7$aRegions & Countries - Europe 615 7$aHistory & Archaeology 615 7$aSpain & Portugal 676 $a323.3 700 $aGuia$b Aitana$01563044 801 0$bAU-PeEL 801 1$bAU-PeEL 801 2$bAU-PeEL 906 $aBOOK 912 $a9910789299103321 996 $aThe Muslim Struggle for Civil Rights in Spain, 1985?2010$93831147 997 $aUNINA